000 01626cam a22004694i 4500
003 PE-LiUPU
005 20250731173020.0
008 150623s r 000 0 d
020 _a1565635124
035 _a(Sirsi) i9781565635128
040 _aPE-LiUPU
_bspa
_cPE-LiUPU
_erda
049 _aPRUA
082 0 4 _a226.606 6
_bS79
_221
245 0 4 _aThe social world of Luke-Acts: models for interpretation /
_cEditado por Jerome H. Neyrey.
264 1 _aPeabody, Massachusetts :
_bHendrickson Publishers,
_c1991.
300 _a436 páginas ;
_c23 centímetros
336 _atext
_2rdacontent
337 _aunmediated
_2rdamedia
338 _avolume
_2rdacarrier
504 _aIncluye bibliografía.
505 0 _amontiene: Social psychology. -Social institutios. -Social dynamics.
526 _aSEG42
526 _aSEG41
526 _aSEG40
526 _aSEG39
526 _aP94
526 _aP87
526 _aP86
526 _aP85
526 _aP77
526 _aP76
526 _aP35
630 _aBiblia.
_pN.T.
_pHechos
_xCrítica, interpretación, etc.
630 _aBiblia.
_pN.T.
_pLucas
_xCrítica, interpretación, etc.
700 1 _aNeyrey, Jerome H.,
_d1940-,
_eed.
942 _2ddc
_cBOOK
949 _a226.606 6 S79
_wDEWEY
_c1
_i47416
_lCCODEBUL1
_mBUL
_r0
_sY
_tBOOK
_u2015-6-24
_xTEOLOGIA
_PP35
_0COMPRA
_o.STAFF. Colección General
994 _aC0
_bPEPRU
596 _a1
999 _a226.606 6 S79
_wDEWEY
_c23972
_i47416
_f2021-11-9
_g5
_lCCODEBUL1
_mBUL
_r0
_sY
_tBOOK
_u2015-6-24
_xTEOLOGIA
_PP35
_0COMPRA
_o.STAFF. Colección General
_d23972
980 _81
_gALBERTO SANCHEZ Responsable de Automatización